| 000 | 00816nam a2200217 a 4500 | ||
|---|---|---|---|
| 001 | BRCA_2791 | ||
| 005 | 20190320203953.0 | ||
| 008 | 081208s1956----fr-a---###---#000-0#fre-u | ||
| 050 | 4 |
_aNK7104 _b.T79 1956 |
|
| 245 | 1 | 0 |
_aTrésors d´or _bcollection de bijoux et da monnaies antiques, grecques romaines, byzantines et du haut moyen-age, objects d´Amerique prehispanique et d´Afrique ; vente a Paris, Galerie Charpentier, le lundi 26 Novembre 1956. |
| 260 |
_aParís _bGalerie Charpentier _c1956 |
||
| 300 |
_a1 v. (sin paginación) _bil. _c31 cm. |
||
| 500 | _aAl inicio de cada apartado presenta una bibliografía. | ||
| 500 | _aAA96 | ||
| 650 | 1 | 4 |
_aOrfebrería _97836 |
| 650 | 1 | 4 |
_aSubastas _97837 |
| 650 | 1 | 4 |
_aMonedas _97838 |
| 650 | 1 | 4 |
_aGalerías y museos _zFrancia _97839 |
| 902 | _aGFM | ||
| 942 |
_2lcc _cB |
||
| 999 |
_c2531 _d2531 |
||